<?xml version="1.0" encoding="UTF-8"?>
<record
    xmlns:xsi="http://www.w3.org/2001/XMLSchema-instance"
    xsi:schemaLocation="http://www.loc.gov/MARC21/slim http://www.loc.gov/standards/marcxml/schema/MARC21slim.xsd"
    xmlns="http://www.loc.gov/MARC21/slim">

  <leader>00840nam a22002537a 4500</leader>
  <controlfield tag="003">DO-SdBNP</controlfield>
  <controlfield tag="005">20220201083336.0</controlfield>
  <controlfield tag="007">ta</controlfield>
  <controlfield tag="008">110217s1974    ag a    r     000 | spa d</controlfield>
  <datafield tag="040" ind1=" " ind2=" ">
    <subfield code="a">DO-SdBNP</subfield>
    <subfield code="b">spa</subfield>
    <subfield code="c">BNPHU</subfield>
  </datafield>
  <datafield tag="082" ind1=" " ind2=" ">
    <subfield code="a">923.243</subfield>
    <subfield code="b">F763Z, 1974</subfield>
  </datafield>
  <datafield tag="100" ind1="1" ind2=" ">
    <subfield code="a">Zweig, Stefan,</subfield>
    <subfield code="9">48388</subfield>
  </datafield>
  <datafield tag="245" ind1="1" ind2="0">
    <subfield code="a">Fouch&#xE9; :</subfield>
    <subfield code="b">retrato de un pol&#xED;tico, el genio tenebroso  /</subfield>
    <subfield code="c">Stefan Zweig; traducci&#xF3;n M&#xE1;ximo Jos&#xE9; Kahn, Miguel P&#xE9;rez Ferrero.</subfield>
  </datafield>
  <datafield tag="250" ind1=" " ind2=" ">
    <subfield code="a">4ta. ed.</subfield>
  </datafield>
  <datafield tag="260" ind1=" " ind2=" ">
    <subfield code="a">M&#xE9;xico :</subfield>
    <subfield code="b">Latino Americana,</subfield>
    <subfield code="c">1974.</subfield>
  </datafield>
  <datafield tag="300" ind1=" " ind2=" ">
    <subfield code="a">221 p. :</subfield>
    <subfield code="b">il. ;</subfield>
    <subfield code="c">22 cm.</subfield>
  </datafield>
  <datafield tag="590" ind1=" " ind2=" ">
    <subfield code="a">Inventariado, 2022 / DG</subfield>
  </datafield>
  <datafield tag="600" ind1=" " ind2="4">
    <subfield code="a">FOUCH&#xC9;, JOSEPH,</subfield>
    <subfield code="d">1759-1820</subfield>
    <subfield code="9">52680</subfield>
  </datafield>
  <datafield tag="650" ind1=" " ind2="4">
    <subfield code="a">Pol&#xED;ticos franceses</subfield>
    <subfield code="x">Biograf&#xED;as</subfield>
    <subfield code="9">52681</subfield>
  </datafield>
  <datafield tag="700" ind1="1" ind2=" ">
    <subfield code="a">Jos&#xE9; Kahn, M&#xE1;ximo,</subfield>
    <subfield code="e">tr.</subfield>
    <subfield code="9">52682</subfield>
  </datafield>
  <datafield tag="700" ind1="1" ind2=" ">
    <subfield code="a">P&#xE9;rez Ferrero, Miguel,</subfield>
    <subfield code="e">tr.</subfield>
    <subfield code="9">52683</subfield>
  </datafield>
  <datafield tag="910" ind1=" " ind2=" ">
    <subfield code="a">DG</subfield>
  </datafield>
  <datafield tag="942" ind1=" " ind2=" ">
    <subfield code="2">ddc</subfield>
    <subfield code="c">LBS1</subfield>
  </datafield>
  <datafield tag="952" ind1=" " ind2=" ">
    <subfield code="0">0</subfield>
    <subfield code="1">0</subfield>
    <subfield code="2">ddc</subfield>
    <subfield code="5">1</subfield>
    <subfield code="7">0</subfield>
    <subfield code="8">MO</subfield>
    <subfield code="a">BNPHU</subfield>
    <subfield code="b">PD</subfield>
    <subfield code="c">CT</subfield>
    <subfield code="d">2022-02-01</subfield>
    <subfield code="l">0</subfield>
    <subfield code="o">BNPHU 923.243 F763Z, 1974</subfield>
    <subfield code="p">2022-0408</subfield>
    <subfield code="r">2022-02-01</subfield>
    <subfield code="w">2022-02-01</subfield>
    <subfield code="y">LBS1</subfield>
  </datafield>
  <datafield tag="999" ind1=" " ind2=" ">
    <subfield code="c">51279</subfield>
    <subfield code="d">51279</subfield>
  </datafield>
</record>
